Oakland Athletics Managers by Picture - Statistics

General Stats
  • This quiz has been taken 37 times
  • The average score is 9 of 31
Answer Stats
Picture Hint Answer % Correct
1986-1995 Tony La Russa
94%
1980-1982 Billy Martin
88%
1901-1950 Connie Mack
88%
1937 | 1939 Earle Mack
88%
1996-2002 Art Howe
75%
1971-1973 Dick Williams
69%
1966-1967 | 1974-1975 Alvin Dark
63%
2011-2021 Bob Melvin
50%
1976 Chuck Tanner
50%
1961-1962 | 1969 Hank Bauer
31%
2003-2006 Ken Macha
31%
1977 | 1978 Jack McKeon
25%
1969-1970 John McNamara
19%
1955-1957 Lou Boudreau
19%
2022-Present Mark Kotsay
19%
2007-2011 Bob Geren
13%
1984-1986 Jackie Moore
13%
1951-1953 Jimmy Dykes
13%
1983-1984 Steve Boros
13%
1977-1978 Bobby Winkles
6%
1960 Bob Elliott
6%
1968 Bob Kennedy
6%
1954 Eddie Joost
6%
1963-1964 Eddie Lopat
6%
1957-1959 Harry Craft
6%
1965 Haywood Sullivan
6%
1986 Jeff Newman
6%
1979 Jim Marshall
6%
1961 Joe Gordon
6%
1967 Luke Appling
6%
1964-1965 Mel McGaha
6%
No matching quizzes found
Score Distribution
Percent of People with Each Score
Percentile by Number Answered
Your Score History
You have not taken this quiz